Countries by Internet domains #1 - Statistics

General Stats
  • This quiz has been taken 274 times
  • The average score is 18 of 25
Answer Stats
Hint Answer % Correct
.uk United Kingdom
98%
.fr France
96%
.nz New Zealand
94%
.it Italy
93%
.ca Canada
91%
.de Germany
90%
.pl Poland
90%
.om Oman
88%
.fi Finland
86%
.hu Hungary
82%
.gh Ghana
79%
.zw Zimbabwe
78%
.sk Slovakia
75%
.es Spain
75%
.ee Estonia
74%
.jm Jamaica
74%
.tv Tuvalu
74%
.ke Kenya
61%
.bg Bulgaria
58%
.pk Pakistan
52%
.ua Ukraine
50%
.dm Dominica
49%
.ge Georgia
45%
.ma Morocco
21%
.bs Bahamas
17%
No matching quizzes found
Score Distribution
Percent of People with Each Score
Percentile by Number Answered
Your Score History
You have not taken this quiz